00696nam a2200193Ia 4500952015500000999001700155003000400172005001700176008004100193020001800234040000900252082002200261100003000283245007000313260004800383300000900431650001200440942005000452 00102ddc40708SOCIAL SCIENCEaMESbMEScSOCIAL SCIENCEd2019-02-20g395.00l0o305.420954 NIL/Ap36834r2019-02-20 00:00:00w2019-02-20yBKzGL41R1 c14731d14731OSt20201019094939.0190216s9999||||xx |||||||||||||| ||und|| a9780198074168 coclc a305.420954bNIL/A aNilayamgode, Devaki95853 0aAntharjanam:bMemoirs Of a Namboodiri Woman /cDevaki Nilayamgode bOxford University Press,c2011.aNew Delhi: a167p aEnglish cBK2ddch305.420954iNIL/Ak305.420954mNIL/A